Ze zkušeností sovětských učitelů málotřídních škol.

Uložené v:
Podrobná bibliografia
Médium: Kniha
Jazyk:Czech
Vydané: Praha : Ústřední ústav pro další vzdělávání učitelů a školských pracovníků, 1958.
Fyzický popis: 42 strán.
Tagy: Pridať tag
Žiadne tagy, Buďte prvý kto otaguje tento záznam!

MARC

LEADER 00000nam a22000002i 4500
001 000694792
005 20230316134439.0
008 230316s1958 xr e 000 0 cze d
020 |q (brožované) 
040 |a SVKKK  |b slo  |c SVKKK  |e rda 
245 0 0 |a Ze zkušeností sovětských učitelů málotřídních škol. 
264 1 |a Praha :  |b Ústřední ústav pro další vzdělávání učitelů a školských pracovníků,  |c 1958. 
300 |a 42 strán. 
336 |a text  |b txt  |2 rdacontent 
337 |a bez média  |b n  |2 rdamedia 
338 |a zväzok  |b nc  |2 rdacarrier 
500 |a Záznam revízie 
910 |a svkkk 
998 |a BK 
090 |g SCKHL  |k Sklad Pribinova 3. posch.  |a V.17073  |j 158798  |i 2720845246  |s Prezenčne 
090 |g SCKHL  |k Sklad Pribinova 3. posch.  |a V.22986  |j 164070  |i 2721014720  |4 Strata  |s Vyradená